000 00500pab a2200169 454500
008 180718b2015 xxu||||| |||| 00| 0 eng d
100 _aBalkrishnan, Krishnachandran
245 _aSub-cities of Bengaluru: urban heterogeneity through empirical typologies
260 _c2015
300 _ap.63-72.
362 _a30 May
650 _aUrban development - India - Karnataka
650 _aUrban development
700 _aAnand, Shriya
773 _aEconomic and Political Weekly
909 _a108706
999 _c108701
_d108701